000 00459nam a2200157 a 4500
005 20140412111315.0
008 010309s19uu xx 00 eng d
050 _aER
_bIn1 1987
245 _aIn my bag :
_cillustrated by Colin and Moira Maclean.
_bSwing me /
260 _aTokyo :
_bFroebel-kan Co., Ltd,
_c[n.d.]
300 _a1 v. (unp.) ; ill.
440 _aSwing Me Series
650 _aShapes - Fiction
650 _aShapes - Stories
999 _c104173
_d104173